Normal view
MARC view
- Oh, Min Hyun
Entry Personal Name
001 - CONTROL NUMBER
- control field: 61180
003 - CONTROL NUMBER IDENTIFIER
- control field: OSt
005 - DATE AND TIME OF LATEST TRANSACTION
- control field: 20240916154503.0
008 - FIXED-LENGTH DATA ELEMENTS
- fixed length control field: 240916|| aca||aabn | a|a d
040 ## - CATALOGING SOURCE
- Original cataloging agency: OSt
- Transcribing agency: OSt
100 ## - HEADING--PERSONAL NAME
- Personal name: Oh, Min Hyun
- Relator term: author.
670 ## - SOURCE DATA FOUND
- Source citation: Work cat.: (OSt): Oh, Min Hyun author., Elementary school teacher's bilingual development belief and english learner's english reading comprehension achievement /, December 2021.
